Anne Boleyn. A chapter of english history, 1527-1536

Saved in:
Bibliografiske detaljer
Hovedforfatter: Friedmann, Paul (Author)
Format: Bog
Sprog:engelsk
Udgivet: Londres Macmillan and Co. 1884
Udgivelse:1a. ed
Fag:
Tags: Tilføj Tag
Ingen Tags, Vær først til at tagge denne postø!

MARC

LEADER 00000nam a2200000 a 4500
001 UCJ6363
003 CL-VaPUC
008 070124e18840000UK |||||||||||||||||eng|d
082 0 4 |a 923  |b BOL  |2 21 
100 0 |a Friedmann, Paul  |e author  |9 512933 
245 1 0 |a Anne Boleyn. A chapter of english history, 1527-1536 
250 |a 1a. ed 
300 |a 2 v 
942 |c BK 
945 |d 20070124 00:00:00  |a rinostro 
260 |a Londres  |b Macmillan and Co.  |c 1884 
500 |a 8º, tela.- Anteport.- v.: marca de la tipografía.- Port.- v.: London: R. Clay, Sons, and Taylor, Bread street Hill.- Apostillado.- Notas manuscritas de Don Eduardo 
600 0 7 |a ENRIQUE VIII DE INGLATERRA  |2 CL-VaPUC  |9 512934 
600 0 7 |a BOLENA, ANA  |2 CL-VaPUC  |9 512935 
600 0 7 |a CATALINA DE ARAGON  |2 CL-VaPUC  |9 512936 
650 0 |a Biografías  |9 255210 
650 0 |a Iglesia Católica  |9 256114 
650 0 |a Anglicanismo   |9 347523 
650 7 |a CISMA  |2 CL-VaPUC  |9 399549 
651 0 |a Inglaterra  |9 255158 
651 0 |a España  |9 254926 
651 0 |a Francia  |9 255157 
583 |a last modification  |c 20180404 10:30:03  |k Rodrigo Vera 
999 |c 322469  |d 322467 
952 |0 0  |1 0  |4 0  |6 923_000000000000000_BOL_1884  |7 0  |8 X  |9 401466  |a FDOBUD  |b FDOBUD  |d 2019-11-22  |h v.1  |i 1047167  |o 923 BOL 1884  |p 1047167  |r 2019-11-22  |w 2019-11-22  |y BK_X  |k BUD 
952 |0 0  |1 0  |4 0  |6 923_000000000000000_BOL_1884  |7 0  |8 X  |9 401467  |a FDOBUD  |b FDOBUD  |d 2019-11-22  |h v.2  |i 1047175  |o 923 BOL 1884  |p 1047175  |r 2019-11-22  |w 2019-11-22  |y BK_X  |k BUD